000
00319nam a2200133Ia 4500
008
151001s9999||||xx |||||||||||||| ||und||
100
_a
श्री ज जोशी
245
_a
समिधा
250
_a
1
260
_b
केशरी प्रकाशन
260
_c
1971
300
_a
138
365
_b
7
999
_c
955155
_d
955152